10 Aliments les plus consommés du monde - Statistiques

Statistiques générales
  • Ce quiz a été pris 104 fois
  • Le résultat moyen est 5 sur 10
Statistiques - réponses
Hint Réponse % Correct
10 Pâte
89%
1 Riz
88%
3 Poulet
62%
2 Pain
60%
9 Poisson
54%
6 Tomate
46%
7 Œuf
37%
8 Banane
33%
5 Maïs
30%
4 Pommes de terre
12%
Aucun quiz correspondant
Distribution des résultats
% des personnes avec chaque résultat
Percentile par nombre de réponses
Votre historique - résultats
Vous n’avez pas pris ce quiz